| 000 | 00828nam a22002537a 4500 | ||
|---|---|---|---|
| 005 | 20170123162323.0 | ||
| 010 | _aA-228323 | ||
| 020 | _c20.00 | ||
| 035 | _aA-228323 | ||
| 037 | _bCen Lib/Ret | ||
| 040 |
_aDPL _bUR |
||
| 082 |
_a841 _bق م ر |
||
| 100 |
_aقمر جلال آبادی _9118079 |
||
| 245 |
_aرشکِ قمَ ر / _cقمر جلال آبادی |
||
| 246 |
_aRashq-e-qamar / _bby Qmar Jalal Abadi |
||
| 260 |
_bماڈرن پبلشنگ ہاؤس _aنیی دہلی _c1984 |
||
| 270 |
_a٩، گولہ مارکیٹ دریاگنج _bنیی دہلی _e110002 |
||
| 300 |
_a88p. _c21cm(Hb) |
||
| 650 |
_aاوردو ادب _9108872 |
||
| 650 |
_aاوردو نظم _9108872 |
||
| 650 |
_aUrdu literature _9118080 |
||
| 650 |
_aUrdu poetry _9118081 |
||
| 942 |
_2ddc _cUR _h841 _mق م ر |
||
| 999 |
_c107230 _d107230 |
||